| 000 | 00550nam a2200193 a 4500 | ||
|---|---|---|---|
| 001 | 1163 | ||
| 003 | BR-CuiBMT | ||
| 005 | 20231130041635.0 | ||
| 008 | 231130s2013 mtb 000 h por d | ||
| 040 |
_aBR-CuiBMT _cBR-CuiBMT |
||
| 080 |
_22007 _a82-341 _x(817.2) |
||
| 090 |
_a82-341(817.2) _bT465l |
||
| 100 | 1 | _aThommen, Reinaldo | |
| 245 | 1 | 2 |
_aO lado pitoresco das auditorias / _cReinaldo Thommen. |
| 260 |
_aCuiabá : _bPublicontas, _c2013. |
||
| 300 |
_a160 p. ; _c21cm |
||
| 650 |
_aContos cĂ´micos _xLiteratura mato-grossense |
||
| 942 |
_2udc _cLV |
||
| 999 |
_c1163 _d1163 |
||